000 00590nam a2200229Ia 4500
003 OSt
005 20220928102251.0
006 a|||||r|||| 00| 0
007 ta
008 220927b |||||||| |||| 00| 0 eng d
024 _a59343
037 _cTextual
040 _aSDCL
_cSDCL
_beng
041 _2eng
_aeng
082 _aO152,1I83:g, P3
100 _aShukl Ramchander
_9397527
245 0 _aSurdas.
260 _aKanpur
_bChintan Parkashan
_c2003
300 _a152p
_ccm.
942 _hO152,1I83:g, P3
_cTEXL
_2CC
999 _c713331
_d713331